01379nam a2200349 a 4500001001200000003000800012006001900020007001500039008004100054010001700095020003400112020003100146020003600177020003300213020002700246040002100273035002100294050002400315082001500339100001900354245012300373260005400496300002500550504005100575533015200626650002800778650002900806655002900835700002200864710001700886856012600903ebr10744016CaPaEBRm o u cr cn|||||||||111227s2012 inuad sb 001 0 eng d z 2011050649 z9781936765034 (perfect bound) z1936765039 (perfect bound) z9781936765041 (library edition) z1936765047 (library edition) z9781936765058 (e-book) aCaPaEBRcCaPaEBR a(OCoLC)85915624114aLB2846b.L55 2012eb04a370.212231 aLipton, Laura.10aGot data? now what?h[electronic resource] :bcreating and leading cultures of inquiry /cLaura Lipton, Bruce Wellman. aBloomington, Ind. :bSolution Tree Press,cc2012. aviii, 135 p. :bill. aIncludes bibliographical references and index. aElectronic reproduction.bPalo Alto, Calif. :cebrary,d2013.nAvailable via World Wide Web.nAccess may be limited to ebrary affiliated libraries. 0aEducational statistics. 0aGroup work in education. 7aElectronic books.2local1 aWellman, Bruce M.2 aebrary, Inc.40uhttp://site.ebrary.com/lib/rucke/Doc?id=10744016zAn electronic book accessible through the World Wide Web; click to view